Statistics for South American Countries by 3 Letter Abbreviations

Click here to take the quiz!

General Stats

  • This quiz has been taken 254 times
    (242 since last reset)
  • The average score is 10 of 13

Answer Stats

AbbreviationCountry% Correct
ARGArgentina
97%
BOLBolivia
94%
BRABrazil
94%
CHLChile
93%
COLColombia
89%
ECUEcuador
88%
PERPeru
72%
GUYGuyana
71%
URYUruguay
68%
VENVenezuela
62%
PRYParaguay
57%
SURSuriname
54%
GUFFrench Guiana
32%

Score Distribution

Percentile by Number Answered

Percent of People with Each Score

Your Score History

You have not taken this quiz since the last reset